000
00324nam a2200133Ia 4500
008
190723s9999 xx 000 0 und d
020
_a
978-81-309-0863-2
100
_a
Hal.R.Varian
245
0
_a
MicroEconomic Analysis
250
_a
3rd
260
_a
New Delhi
_b
Viva Publishing
_c
2017
300
_a
506.:P
942
_c
BK
999
_c
1448
_d
1448